| 000 | 00446pam a2200157 a 4500 | ||
|---|---|---|---|
| 020 | _a0314793097 | ||
| 040 | _cDLC | ||
| 082 | 0 | 0 |
_a344 WES 1984 _a347.30446 |
| 100 | 1 | _aBonine, John E. | |
| 245 | 1 | 4 |
_aThe law of environmental protection : _bcases--legislation--policies / |
| 260 |
_aSt. Paul, Minn. : _bWest, _c1984. |
||
| 300 |
_alxvii, 1076 p. : _bill. ; _c26 cm. |
||
| 650 | 0 | _aEnvironmental law | |
| 700 | 1 | _aMcGarity, Thomas O. | |
| 942 | _cEK | ||
| 999 |
_c11325 _d11325 |
||